| 000 | 00337nam a22001337a 4500 | ||
|---|---|---|---|
| 008 | 180208b xxu||||| |||| 00| 0 eng d | ||
| 020 | _a0808915371 | ||
| 041 | _aeng | ||
| 080 | _a616.8 | ||
| 100 | _a7 | ||
| 101 | _aneu | ||
| 245 |
_ainterpretation of the luria nebraska neuropsychological baterry _cjames.a.am |
||
| 942 |
_2udc _cBK |
||
| 999 |
_c42090 _d42090 |
||